00446nam a2200133Ia 4500008004100000100002100041245010000062245003800162260004000200260000900240300002700249650001400276650002200290170224s9999 xx 000 0 und d aChristian Tarchi aReciprocal teaching: Analyzing interactive dynamics in the co-construction of a text's meaning  cChristian Tarchi & Giuliana Pinto bThe Journal of Educational Research c2016 a109:5, Pages: 518-530 xEducation xSpecial Education